00675 2200217 4500001002100000005001700021008004100038020001800079035002500097082001200122090002200134100002100156245013400177250001700311260003300328300003400361500001600395650001300411850001200424999002100436YOGYA-0209000004679120141127154627.0 ind  a979-3469-44-7 a0010-020900000046791 a004.678 aDEP 004.678 Nug A aNUGROHO, Bunafit aAplikasi pemrograman WEB dinamis dengan PHP dan MYSGLbstudi kasus membuat sistem informasi pengolahan data bukucBunafit Nugroho aEd.1, cet. 1 aYogyakartabGava Mediac2007 axvii, 521 hlm.bilus.c23 cm. aDisertai CD aInternet aYOPDYOG aCB-D.11-2007-676